Quizzes
Events
Quiz Creation
Community
Videos
Private Events
Remove Ads
Sign In
Join for FREE
Feedback
Dark Mode
Quiz Categories
Sports
Geography
Music
Movies
Television
Just For Fun
Miscellaneous
History
Literature
Language
Science
Gaming
Entertainment
Religion
Holiday
For Kids
Quiz Lab
Recent
Popular Today
Quiz Kudos Today
Editor Picks
Curator Picks
Quizzes by...
Day
Popularity
Type
Ratings
Length
Year
Community
Subscriptions
Recent Discussions
Orange Saloon
Badges
Playlists
Quests
Create
Leaderboards
Showdown
Live 5
Trivia Bingo
Activity
Puzzle Library
Sporcle Events
Private Events
Virtual Trivia
Globe League
Become a Host
Pub Owners
SporcleCon
Opinionation
Our Games
Videos
Blog
Mobile Apps
Partnerships
Remove Ads and Go Orange
Feedback
Entertainment
Celebrity
Famous
Musical
Broadway
Show
Quote
Comic Books
Anime
Superhero
DC Comics
Marvel
Cartoons
Animation
Entertainment
Celebrity
Famous
Musical
Broadway
Show
Quote
Comic Books
Anime
Superhero
DC Comics
Marvel
Cartoons
Animation
Random Quiz
Search Sporcle
×
Quiz Lab
Quiz Lab
Entertainment
Avengers
Type in answers that appear in a list
Type in answers that appear in a list
Classic
Best Score? Go Orange.
Name the Old Avengers Stats
Can you name the Avengers?
By
t_elliot
6m
44 Questions
350 Plays
350 Plays
350 Plays
Comments
Comments
Give Quiz Kudos
Give Quiz Kudos
-
- Ratings
hide this ad
Replay
Link that replays current quiz
Next Quiz
Link to next quiz in quiz playlist
You Got
0%
They Got
Avg Score
57%
Avg Friend Score
Upgrade to see
Score Distribution
Jump to the score distribution portion of the page
Score
0/44
Timer
06:00
0
Plays Today
Joined In
Avenger
% Correct
1963
Iron Man
98.6%
1963
The Hulk
97.7%
1964
Captain America
96.6%
1963
Thor
96%
1963
Ant-Man
93.1%
1965
Hawkeye
91.1%
1963
Wasp
90.3%
1965
Scarlet Witch
82.5%
1990
Spider-Man
81.4%
1965
Quicksilver
79.7%
1968
Vision
77.1%
1969
Black Widow
73.4%
1968
Black Panther
72.2%
2002
Ant-Man (Scott Lang)
68.8%
1975
Beast
67.9%
1982
She-Hulk
65%
1977
Wonder Man
62.8%
1969
Black Knight
59.9%
1967
Hercules
59.6%
1979
Ms. Marvel
59%
1983
Captain Marvel
57.6%
1979
Falcon
55.9%
Joined In
Avenger
% Correct
1981
Tigra
54.4%
1989
Mister Fantastic
53%
1989
Invisible Woman
53%
1985
Namor
52.4%
1973
Swordsman
49.9%
1973
Mantis
45.8%
1975
Moondragon
43.3%
1998
Firestar
42.1%
2001
Jack of Hearts
39.3%
1990
Sersi
38.4%
1998
Justice
38.1%
1987
Doctor Druid
37.5%
1983
Starfox
36.7%
1976
Hellcat
35.8%
1989
Quasar
33.5%
1989
Gilgamesh
32.7%
1991
Crystal
32.4%
2004
Captain Britain
31.2%
1999
Triathlon
29.8%
1990
Stingray
27.8%
1992
Thunderstrike
26.4%
2000
Silverclaw
24.9%
Quiz Playlist
Details
Report
Send in Message
Add To Playlist
Classic:
Type in answers that appear in a list
Quiz Source
Last Updated: Feb 16, 2017
Quiz Scoreboard
CHALLENGE
Sign Up to Join the Scoreboard
Show All
Scores
Hide
Comments
May contain spoilers
Recently Published
Decade Duel: World Leaders
by jenniferyan
History
4m
Alphabetical 'K' Countries by Flag Minefield
by ylime102
Geography
3m
Pick 6: Fruits
by JohnFran
Miscellaneous
15s
More to Explore
Quiz From the Vault
Featured Blog Post
15 Basketball Trivia Facts You Can Be March Mad About
hide this ad
You Might Also Like...
Tags
Avengers
Joined
old
Today's Top Quizzes in Entertainment
Browse Entertainment
hide this ad
Today's Top Quizzes in Avengers
Browse Avengers
Top Contributed Quizzes in Entertainment
1
Eurovision 2023 Logic Puzzle
2
Titans/Young Justice Logic Puzzle (Read Note)
3
The Joker Actors by Order
4
Decade Duel: Actor
5
Spider-Man Actors by Order
6
Decade Duel: Actress
7
JoJo's Bizarre Logic Quiz
8
Click the Fictional John
9
Click the Fictional Bruce
10
Picture Click Blitz: Snow White
Explore More
Trending Topics
Marvel
Anime
Harry Potter
Kpop
NBA
Crossword
Disney
The Office
Soccer
NFL
Pokémon
Song
Country
WWE
Puzzle
hide this ad
More By:
t_elliot
Quiz
Plays
Rating
Category
Featured
Created
Bergen County Academies Faculty
1,105
3.33
Miscellaneous
Sep 25, 2009
Name the Old Avengers
350
4.75
Entertainment
Sep 22, 2009
Hormone Pathways Anterior Hypophysis
8
Science
Oct 3, 2010
Go to Creator's Profile
Score Distribution
Quiz Creator Spotlight
t_elliot
Follow
Send a Message
Quizzes Created
-
Created Quiz Play Count
-
More By This Creator
Popular Quizzes Today
1
Countries of Asia Without Outlines Minefield
2
Find the US States - No Outlines Minefield
3
Pick 6: Fruits
4
Alphabetical 'K' Countries by Flag Minefield
5
The Countries of the World
6
Find the Countries of Europe - No Outlines Minefield
7
Find the US States
8
US States
More Entertainment Quizzes
Movies Based on Plays Based on Books
Published
Trending Quizzes
Pick 6: Mountains
Pick 6: Harry Potter
Pick 6: Flags
Pick 6: NFL Teams
Pick 6: Movie Franchises
Recently Updated
Adaptations: Name the Title
pecheneg
NWSL Teams
pecheneg
Women's Final Four Teams by Year
bhenderson79
Presidents Quartet II
eogle
Anything But Clue(do)
eogle
Anything But Oceanian Capitals
eogle
Anything But 7
eogle
Anything But Thing
eogle
Word Ladder: February 29
pecheneg
Song Title Questions
pecheneg
Trending Topics
Anime
Kpop
NBA
Crossword
Harry Potter
Disney
Marvel
Puzzle
Song
Pokémon
Soccer
WWE
Country
The Office
NFL
Your Account Isn't Verified!
In order to create a playlist on Sporcle, you need to verify the email address you used during registration. Go to your
Sporcle Settings
to finish the process.
Report this User
Report this user for behavior that violates our
Community Guidelines
.
Details:
Send Report
Go to the Sporcle.com Mobile Site →
Comments